| 000 | 00325nam a2200121Ia 4500 | ||
|---|---|---|---|
| 008 | 220217s9999||||xx |||||||||||||| ||und|| | ||
| 082 | _a894.814 3 BEL | ||
| 100 | _aBellare, Gangadhara | ||
| 245 | 0 | _aThabbaliyu ninalla magale | |
| 260 |
_aSharadha book house _bPutthuru _c2005 |
||
| 300 | _b35 | ||
| 650 | _aGENERAL BOOKS | ||
| 999 |
_c174118 _d174118 |
||